Late quaternary environmental change: physical and human perspectives. --2nd ed. (Record no. 48900)

MARC details
000 -LEADER
fixed length control field 00696nam a2200169 a 4500
008 - FIXED-LENGTH DATA ELEMENTS--GENERAL INFORMATION
fixed length control field 130909s2005 ||||||||||||||||| || u
020 ## - INTERNATIONAL STANDARD BOOK NUMBER
International Standard Book Number 9780130333445
050 ## - LIBRARY OF CONGRESS CALL NUMBER
Classification number QE 720 BEL
100 ## - MAIN ENTRY--PERSONAL NAME
Personal name Bell, Martin
245 10 - TITLE STATEMENT
Title Late quaternary environmental change: physical and human perspectives. --2nd ed.
Statement of responsibility, etc. by Martin Bell and Michael J.C Walker
250 ## - EDITION STATEMENT
Edition statement 2nd ed.
260 ## - PUBLICATION, DISTRIBUTION, ETC.
Place of publication, distribution, etc. Harlow Essex:
Name of publisher, distributor, etc. Pearson Education Limited
Date of publication, distribution, etc. 2005
300 ## - PHYSICAL DESCRIPTION
Extent xix, 348p.: ill.
650 ## - SUBJECT ADDED ENTRY--TOPICAL TERM
Topical term or geographic name entry element PALEOCLIMATOLOGY--QUATERNARY
650 ## - SUBJECT ADDED ENTRY--TOPICAL TERM
Topical term or geographic name entry element PALEOECOLOGY--QUATERNARY
995 ## - RECOMMENDATION 995 [LOCAL, UNIMARC FRANCE]
-- CBU-MAIN LIBRARY (Kitwe)
-- 1
-- AVAILABLE
-- Sep 24, 2013
-- Main Library Open Access Collection
Holdings
Withdrawn status Lost status Source of classification or shelving scheme Damaged status Not for loan Home library Current library Shelving location Date acquired Total Checkouts Full call number Barcode Date last seen Price effective from Koha item type
          CBU-MAIN LIBRARY, KITWE. CBU-MAIN LIBRARY, KITWE.   11/30/2022   QE 720 BEL 744440 11/30/2022 11/30/2022 MONOGRAPH